Rubén Darío

সংরক্ষণ করুন:
গ্রন্থ-পঞ্জীর বিবরন
প্রধান লেখক: Cabezas, Juan Antonio
বিন্যাস: গ্রন্থ
ভাষা:Undetermined
প্রকাশিত: Argentina Espasa-Calpe 1954
বিষয়গুলি:
ট্যাগগুলো: ট্যাগ যুক্ত করুন
কোনো ট্যাগ নেই, প্রথমজন হিসাবে ট্যাগ করুন!

MARC

LEADER 00000nam a2200000Ia 4500
008 170316s9999 xx 000 0 und d
040 |a cru BVZT 
090 |a 860 C-1r 
100 |a Cabezas, Juan Antonio 
245 |a Rubén Darío 
260 |a Argentina 
260 |b Espasa-Calpe 
260 |c 1954 
300 |a 211 páginas 
650 |a LITERATURA LATINOAMERICANA 
999 |c 8507  |d 8507 
942 |c 15 D  |h 860 C-1r  |2 z